El presupuesto del sector público (Registro nro. 2583)

Detalles MARC
000 -LEADER
fixed length control field 01018 a2200229 4500
001 - CONTROL NUMBER
control field 35774
005 - DATE AND TIME OF LATEST TRANSACTION
control field 20260407155637.0
008 - FIXED-LENGTH DATA ELEMENTS--GENERAL INFORMATION
fixed length control field 260407a1979 arg spa d
003 - CONTROL NUMBER IDENTIFIER
control field AR-UNSa-BCEJYS
040 ## - CATALOGING SOURCE
Original cataloging agency AR-UNSa-BCEJYS
Language of cataloging spa
Transcribing agency AR-UNSa-BCEJYS
080 ## - UNIVERSAL DECIMAL CLASSIFICATION NUMBER
Universal Decimal Classification number 336.14
Common auxiliary subdivision Presupuesto público. Presupuesto nacional
041 ## - LANGUAGE CODE
Language code of text/sound track or separate title spa
100 1# - MAIN ENTRY--PERSONAL NAME
Personal name Caplán, Benedicto
245 10 - TITLE STATEMENT
Title El presupuesto del sector público
264 #1 - PRODUCTION, PUBLICATION, DISTRIBUTION, MANUFACTURE, AND COPYRIGHT NOTICE
Place of production, publication, distribution, manufacture Buenos Aires :
Name of producer, publisher, distributor, manufacturer Ediciones Macchi
Date of production, publication, distribution, manufacture, or copyright notice 1979
300 ## - PHYSICAL DESCRIPTION
Extent 131 p.
Dimensions 22 cm.
505 ## - FORMATTED CONTENTS NOTE
Formatted contents note 1. Teoría general del presupuesto tradicional y moderno - 2. Clasificación y erogaciones en el presupuesto - 3. Clasificación y definición de los recursos - 4. El proceso presupuestario - 5. El presupuesto por programas en la práctica latinoamericana - 6. Presupuesto de empresas públicas
590 ## - LOCAL NOTE (RLIN)
Local note niveau_biblio:m niveau_hierar:0
700 1# - ADDED ENTRY--PERSONAL NAME
Personal name Caplan de Cohen, Norma R.
856 41 - ELECTRONIC LOCATION AND ACCESS
Uniform Resource Identifier <a href="https://biblioeco.unsa.edu.ar/pmb/images/libros/L125303.jpg">https://biblioeco.unsa.edu.ar/pmb/images/libros/L125303.jpg</a>
Link text Imagen de portada
Electronic format type image/jpeg
942 ## - ADDED ENTRY ELEMENTS (KOHA)
Koha item type
Existencias
Withdrawn status Lost status Damaged status Not for loan Home library Current library Shelving location Date acquired Total checkouts Full call number Barcode Date last seen Price effective from Koha item type
        Biblioteca Prof. Eusebio Cleto del Rey Biblioteca Prof. Eusebio Cleto del Rey   07/04/2026   336.14 C236 L125303 07/04/2026 07/04/2026 Libro